• 首页
  • 本馆介绍
  • 公告通知
  • 最新文献
  • 馆藏检索
  • 电子资源
  • 读者导购
  • 参考咨询
  • 我的图书馆
  • 登录
  • 详细信息显示
  • 放入我的书架
  • 预约/预借图书
  • 作者相关作品
  • 分类相关作品
  • 丛书相关作品
  • 出版社相关作品

书目信息

  • 表格格式
  • 工作单格式
  • 卡片格式
题名:
秦岭的动物朋友
    
 
作者: 白忠德, 著
分册:  
出版信息: 北京   中国言实出版社  2022.02
页数: 180页
开本: 24cm
丛书名:
单 册:
中图分类: I253.6 , Q958.524.1
科图分类:
主题词: 纪实文学--ji shi wen xue--中国--当代
电子资源:
ISBN: 978-7-5171-4012-2
000 01188nam0 2200265 450
001 CAL 0120227371769
005 20230217093112.0
010    @a978-7-5171-4012-2@dCNY65.00
100    @a20220414d2022 em y0chiy0120 ea
101 0  @achi
102    @aCN@b110000
105    @ay z 000zy
106    @ar
200 1  @a秦岭的动物朋友@Aqin ling de dong wu peng you@f白忠德著
210    @a北京@c中国言实出版社@d2022.02
215    @a180页@d24cm
314    @a白忠德, 1971年生, 陕西佛坪人, 中国作家协会会员, 西安市碑林区作协副主席, 西安财经大学文学院副教授。
330    @a本书以秦岭珍稀动物大熊猫、金丝猴、羚牛、朱鹮等为叙写对象, 用文学化的表达方式, 描摹它们的生活习性、生存智慧、性格命运、趣闻故事, 反映秦岭人文生态, 表达出人类对动物的热爱、对生命的尊重以及人类与自然的和解, 倡导人的责任与担当, 实现人与动物、与自然和谐共生, 使我们懂得以平等之心、真诚之意, 与大自然中的生命个体交流对话, 自觉成为人与自然和谐友好的承担者、践行者。
606 0  @a纪实文学@Aji shi wen xue@y中国@z当代
607    @a秦岭@x野生动物@x介绍
690    @aI253.6@v5
690    @aQ958.524.1@a
701  0 @a白忠德,@Abai zhong de,@f1971-@4著
801  0 @aCN@bBJXHZP@c20230228
905    @b1380328-31@dI253.6@e1228@f4
    
    秦岭的动物朋友/白忠德著.-北京:中国言实出版社,2022.02
    180页;24cm
    
    
    ISBN 978-7-5171-4012-2:CNY65.00
    本书以秦岭珍稀动物大熊猫、金丝猴、羚牛、朱鹮等为叙写对象, 用文学化的表达方式, 描摹它们的生活习性、生存智慧、性格命运、趣闻故事, 反映秦岭人文生态, 表达出人类对动物的热爱、对生命的尊重以及人类与自然的和解, 倡导人的责任与担当, 实现人与动物、与自然和谐共生, 使我们懂得以平等之心、真诚之意, 与大自然中的生命个体交流对话, 自觉成为人与自然和谐友好的承担者、践行者。
●
相关链接 在E读中查询图书 在五车中查询图书 在当当中查询图书 在豆瓣中查询图书


正题名:秦岭的动物朋友     索取号:I253.6/1228         预约/预借

序号 登录号 条形码 馆藏地/架位号 状态 备注
1 1380328   213803286   第一样本阅览室/ [索取号:I253.6/1228] 在馆    
2 1380329   213803295   第二借阅区/ [索取号:I253.6/1228] 在馆    
3 1380330   213803302   第二借阅区/ [索取号:I253.6/1228] 在馆    
4 1380331   213803311   第二借阅区/ [索取号:I253.6/1228] 在馆    
唐山师范学院图书馆 欢迎您!
大连网信软件有限公司© 版权所有